| 000 | 00000nas 2200000zi 4500 |
| 001 | 9.939977 |
| 003 | CaOODSP |
| 005 | 20240627182049 |
| 006 | m o d f |
| 007 | cr cn |||||||| |
| 008 | 240627c20219999ykcar p o f0 b0fre|d |
| 022 | |a2818-4556 |
| 040 | |aCaOODSP|bfre|erda|cCaOODSP |
| 043 | |an-cn-yk |
| 086 | 1 |aPS61-3F-PDF |
| 110 | 2 |aGendarmerie royale du Canada. |bDivision "M" (Yukon), |eauteur, |eorganisme de publication. |
| 222 | 0|aFaits saillants de l'année |b(Gendarmerie royale du Canada. Division "M" (Yukon)) |
| 245 | 10|aFaits saillants de l'année / |cGRC Yukon. |
| 264 | 1|a[Whitehorse, Yukon] : |bGendarmerie royale du Canada = Royal Canadian Mounted Police, |c[2022]- |
| 310 | |aAnnuel |
| 336 | |atexte|btxt|2rdacontent/fre |
| 337 | |ainformatique|bc|2rdamedia/fre |
| 338 | |aressource en ligne|bcr|2rdacarrier/fre |
| 362 | 1 |aParaît depuis : 2020/2021. |
| 500 | |aPublié aussi en anglais sous le titre : Year in review. |
| 588 | |aDescription d'après : 2020/2021; titre de la page couverture du fichier PDF. |
| 588 | |aDernière livraison consultée : 2020/2021. |
| 610 | 26|aGendarmerie royale du Canada. |bDivision "M" (Yukon)|vPériodiques. |
| 650 | 6|aPolice|zYukon|vPériodiques. |
| 655 | 7|aPériodiques|2rvmgf |
| 775 | 08|tYear in review / |w(CaOODSP)9.939978 |